Catálogo público

Diferencia entre monta natural y técnicas de reproducción asistida en venado cola blanca (Odocoileus virginianus) / (Record no. 220054)

MARC details
000 -CABECERA
campo de control de longitud fija 03710nam a22003377a 4500
003 - IDENTIFICADOR DEL NÚMERO DE CONTROL
campo de control OSt
005 - FECHA Y HORA DE LA ÚLTIMA TRANSACCIÓN
campo de control 20240805094204.0
007 - CAMPO FIJO DE DESCRIPCIÓN FÍSICA--INFORMACIÓN GENERAL
campo de control de longitud fija cr ||||||||c|a
008 - DATOS DE LONGITUD FIJA--INFORMACIÓN GENERAL
campo de control de longitud fija 240805s2023 mx a|||fo|||| 001 0 spa d
040 ## - FUENTE DE LA CATALOGACIÓN
Normas de descripción rda
100 1# - ENTRADA PRINCIPAL--NOMBRE DE PERSONA
Nombre de persona Castillo Cazares, Gloria María
9 (RLIN) 189341
245 10 - MENCIÓN DE TÍTULO
Título Diferencia entre monta natural y técnicas de reproducción asistida en venado cola blanca (Odocoileus virginianus) /
Mención de responsabilidad, etc. por Gloria María Castillo Cazares y Guadalupe Mora Lopez; director de tesis Elvia López Pérez; secretario José Luis Zaragoza Ramírez; vocal Carlos Guillermo Germán Alarcón; secretario Jaime Gallegos Sánchez; secretario Agustín Ruiz Flores.
264 #1 - PRODUCCIÓN, PUBLICACIÓN, DISTRIBUCIÓN, FABRICACIÓN Y COPYRIGHT
Producción, publicación, distribución, fabricación y copyright Chapingo, México :
Nombre del de productor, editor, distribuidor, fabricante El autor,
Fecha de producción, publicación, distribución, fabricación o copyright 2023.
300 ## - DESCRIPCIÓN FÍSICA
Extensión 1 recurso en línea (54 páginas):
Otras características físicas figuras, cuadros.
336 ## - TIPO DE CONTENIDO
Fuente rdacontent
Término de tipo de contenido texto
Código de tipo de contenido txt
337 ## - TIPO DE MEDIO
Fuente rdamedia
Nombre/término del tipo de medio computadora
Código del tipo de medio c
338 ## - TIPO DE SOPORTE
Fuente rdacarrier
Nombre/término del tipo de soporte recurso en línea
Código del tipo de soporte cr
502 ## - NOTA DE TESIS
Tipo de título Ingeniero Agrónomo Especialista en Zootecnia
Nombre de la institución que otorga el título Departamento de Enseñanza, Investigación y Servicio en Zootecnia,
Año de obtención del título 2023.
Información miscelánea Licenciatura
504 ## - NOTA DE BIBLIOGRAFÍA, ETC.
Nota de bibliografía, etc. Incluye referencias bibliográficas: páginas 37-41.
520 ## - SUMARIO, ETC.
Sumario, etc. El objetivo fue estudiar la efectividad de dos técnicas de inseminación artificial implementadas en la UMA “Palos Altos” de Villaldama, Nuevo León para mejorar el desempeño reproductivo de un hato de hembras venado cola blanca (Odocoileus virginianus). Un grupo 22 venadas fueron agrupadas aleatoriamente en dos grupos para ser inseminadas por laparoscopía, o vía cervical. Las venadas que no quedaron gestantes con la inseminación artificial fueron expuestas a monta natural por un venado semental catorce días después de ser inseminadas. Las mediciones realizadas fueron número de venadas gestantes y número de venadas que parieron uno, dos o tres crías al parto. Las mediciones para el grupo de venadas gestantes por monta natural fueron consideradas el punto de referencia para comparar la efectividad de las técnicas de inseminación artificial. Se calculó la proporción para cada medición para realizar una prueba de hipótesis por el procedimiento para Z. Con la inseminación por laparoscopía y vía cervical resultaron 40.0 ± 6.30% y 43.0 ± 12.50% de hembras preñadas, respectivamente. Todas las hembras expuestas a monta natural quedaron preñadas (100%). El número de crías nacidas de hembras inseminadas por laparoscopía y de aquellas expuestas a monta natural fue mayor que diferente presentándose mayor número de partos dobles (P ˂ 0.05). El tamaño de la camada fue de 1.8, 2.1 y 1.0 para el grupo de hembras inseminadas por laparoscopia, monta natural y cervical, respectivamente y la correspondiente prolificidad fue de 183, 201 y 100%. No hubo suficientes evidencias para concluir que la técnica de inseminación artificial empleada en la Unidad para la Conservación, Manejo y Aprovechamiento Sustentable de la vida silvestre (UMA) fue más efectiva que la monta natural, dado que en términos de gestación y número de crías fue superior la monta natural. Se debe tomar en consideración el número de muestra, siendo esto un factor clave en los resultados.
650 #4 - PUNTO DE ACCESO ADICIONAL DE MATERIA--TÉRMINO DE MATERIA
Término de materia o nombre geográfico como elemento de entrada Venado cola blanca
Subdivisión general Gestación
9 (RLIN) 189344
650 #4 - PUNTO DE ACCESO ADICIONAL DE MATERIA--TÉRMINO DE MATERIA
Término de materia o nombre geográfico como elemento de entrada Venado cola blanca
Subdivisión general Inseminación
9 (RLIN) 189343
700 1# - PUNTO DE ACCESO ADICIONAL--NOMBRE DE PERSONA
Nombre de persona Mora López, Guadalupe
9 (RLIN) 189342
700 1# - PUNTO DE ACCESO ADICIONAL--NOMBRE DE PERSONA
Nombre de persona López Pérez, Elvia
9 (RLIN) 68223
Término indicativo de función/relación Director de tesis.
700 1# - PUNTO DE ACCESO ADICIONAL--NOMBRE DE PERSONA
Nombre de persona Zaragoza Ramírez, José Luis
9 (RLIN) 123684
Término indicativo de función/relación Secretario.
700 1# - PUNTO DE ACCESO ADICIONAL--NOMBRE DE PERSONA
Nombre de persona Germán Alarcón, Carlos Guillermo
9 (RLIN) 47760
700 1# - PUNTO DE ACCESO ADICIONAL--NOMBRE DE PERSONA
Nombre de persona Gallegos Sánchez, Jaime
9 (RLIN) 44418
Término indicativo de función/relación Suplente.
700 1# - PUNTO DE ACCESO ADICIONAL--NOMBRE DE PERSONA
Nombre de persona Ruiz Flores, Agustín
9 (RLIN) 100671
Término indicativo de función/relación Secretario.
856 ## - LOCALIZACIÓN Y ACCESO ELECTRÓNICOS
Identificador Uniforme del Recurso http://10.13.5.2/tesis/tl/1110846-4y1311761-2_Castillo_Cazares_Gloria_MariayMora_Lopez_Guadalupe.pdf
Nota pública DESCARGAR PDF
942 ## - ELEMENTOS DE PUNTO DE ACCESO ADICIONAL (KOHA)
Fuente del sistema de clasificación o colocación Clasificación Universidad Autónoma Chapingo
Tipo de ítem Koha Tesis digital
Holdings
Estado de retiro Estado de pérdida Fuente del sistema de clasificación o colocación Estado dañado Restricciones de uso No para préstamo Código de colección Localización permanente Ubicación/localización actual Ubicación en estantería Fecha de adquisición Total de préstamos Signatura topográfica completa Fecha visto por última vez Precio válido a partir de Tipo de ítem Koha
    Clasificación Universidad Autónoma de Chapingo   Préstamo interno   Tesis digitales de Licenciatura Biblioteca Digital Biblioteca Digital En línea 05/08/2024   Tesis digital 05/08/2024 05/08/2024 Tesis digital